| 000 | 02382cam a2200313 i 4500 | ||
|---|---|---|---|
| 999 |
_c96547 _d96547 |
||
| 003 | BJBSDDR | ||
| 005 | 20240718163545.0 | ||
| 007 | ta | ||
| 008 | 150407s2014 sp r 000 0 spa d | ||
| 020 | _a9788425433986 | ||
| 020 | _a8425433983 | ||
| 040 |
_bspa _cBJBSDDR |
||
| 041 | 0 | _aspa | |
| 050 | 1 | 4 |
_aHB 95 _bH233p 2014 |
| 100 | 1 |
_aHan, Byung-Chul, _d1959- |
|
| 240 | 1 |
_aPsychopolitik _lEspañol |
|
| 245 | 1 | 0 |
_aPsicopolítica / _cByung-Chul Han; traducción de Alfredo Bergés |
| 260 |
_aBarcelona : _bHerder, _c2014 |
||
| 300 |
_a127 p. ; _c20 cm. |
||
| 440 | _aPensamiento Herder | ||
| 520 | _aEl filósofo Byung-Chul Han dirige ahora su mirada crítica hacia las nuevas técnicas de poder del capitalismo neoliberal, que dan acceso a la esfera de la psique, convirtiéndola en su mayor fuerza de producción. La psicopolítica es, según Han, aquel sistema de dominación que, en lugar de emplear el poder opresor, utiliza un poder seductor, inteligente (smart), que consigue que los hombres se sometan por sí mismos al entramado de dominación. En este sistema, el sujeto sometido no es consciente de su sometimiento. La eficacia del psicopoder radica en que el individuo se cree libre, cuando en realidad es el sistema el que está explotando su libertad. La psicopolítica se sirve del Big Data el cual, como un Big Brother digital, se apodera de los datos que los individuos le entregan de forma efusiva y voluntaria. Esta herramienta permite hacer pronósticos sobre el comportamiento de las personas y condicionarlas a un nivel prerreflexivo. La expresión libre y la hipercomunicación que se difunden por la red se convierten en control y vigilancia totales, conduciendo a una auténtica crisis de la libertad. Según Byung-Chul Han, este poder inteligente podría detectar incluso patrones de comportamiento del inconsciente colectivo que otorgarían a la psicopolítica un control ilimitado. Nuestro futuro dependerá de que seamos capaces de servirnos de lo inservible, de la singularidad no cuantificable y de la idiotez –dice incluso– de quien no participa ni comparte. | ||
| 650 | 4 |
_aSociología _xFilosofía _94395 |
|
| 650 | 0 |
_aConservatismo _zEstados Unidos _92813 |
|
| 650 | 4 |
_aSistemas económicos _94396 |
|
| 650 | 4 |
_aSistemas políticos _94397 |
|
| 700 | 1 |
_aBergés, Alfredo _etraductor _94394 |
|
| 942 |
_2lcc _cBK |
||
| 946 | _aJaaM | ||